[Event "ESP-chT Div I 2018"]
[Site "Linares"]
[Date "2018.08.12"]
[Round "7"]
[White "Martin Fuentes, Alberto"]
[Black "Franco Alonso, Alejandro"]
[Result "0-1"]
[WhiteElo "2391"]
[BlackElo "2410"]
[Annotator "NA"]
[PlyCount "100"]
[EventDate "2018.08.06"]
[EventType "team-tourn"]
[EventCountry "ESP"]
[SourceTitle "playchess.com"]
[Source "ChessBase"]
[SourceQuality "1"]
[TimeControl "40/5400+30:1800+30"]

1. e4 {[%emt 0:04:32]} c5 {[%emt 0:00:00]} 2. Nc3 {[%emt 0:00:07]} Nc6 {[%emt 0:00:00]} 3. g3 {[%emt 0:00:05]} g6 {[%emt 0:00:00]} 4. Bg2 {[%emt 0:00:05]} Bg7 {[%emt 0:00:00]} 5. d3 {[%emt 0:00:14]} d6 {[%emt 0:00:04]} 6. Be3 {[%emt 0:00:38]} Rb8 {[%emt 0:00:10]} 7. Qd2 {[%emt 0:00:07]} b5 {[%emt 0:00:07]} 8. h3 {[%emt 0:00:52]} b4 {[%emt 0:10:36]} 9. Nd1 {[%emt 0:00:05]} Bd7 {[%emt 0:05:02]} 10. Ne2 {[%emt 0:02:57]} Nd4 {[%emt 0:00:27]} 11. f4 {[%emt 0:04:50]} e6 {[%emt 0:02:05]} 12. O-O {[%emt 0:00:45]} Ne7 {[%emt 0:00:11]} 13. g4 {[%emt 0:01:36]} f5 {[%emt 0:06:45]} 14. Ng3 {[%emt 0:02:24]} O-O {[%emt 0:06:36]} 15. gxf5 {[%emt 0:08:41]} exf5 {[%emt 0:02:12]} 16. Kh2 {[%emt 0:00:43]} Qa5 {[%emt 0:05:43]} 17. Bg1 {[%emt 0:10:01]} Bh6 {[%emt 0:13:31]} 18. a3 {[%emt 0:06:36]} fxe4 {[%emt 0:07:12]} 19. Nxe4 {[%emt 0:02:12]} d5 {[%emt 0:16:18]} 20. Ng3 {[%emt 0:11:07]} Qc7 {[%emt 0:01:30]} 21. Be3 {[%emt 0:09:50]} b3 {[%emt 0:01:42]} 22. Rc1 {[%emt 0:05:16]} Nxc2 {[%emt 0:03:31]} 23. Rxc2 {[%emt 0:00:09]} bxc2 {[%emt 0:00:06]} 24. Qxc2 {[%emt 0:00:03]} Bxf4 {[%emt 0:06:23]} 25. Rxf4 {[%emt 0:00:54]} Rxf4 {[%emt 0:00:07]} 26. Qxc5 {[%emt 0:01:25]} Qxc5 {[%emt 0:02:58]} 27. Bxc5 {[%emt 0:00:04]} Rf7 {[%emt 0:00:35]} 28. b4 {[%emt 0:01:12]} a6 {[%emt 0:01:02]} 29. Ne3 {[%emt 0:02:39]} Bc6 {[%emt 0:03:20]} 30. Ng4 {[%emt 0:02:28]} Nf5 {[%emt 0:03:24]} 31. Ne5 {[%emt 0:00:35]} Ba8 {[%emt 0:00:26]} 32. Nxf7 {[%emt 0:02:00]} Kxf7 {[%emt 0:00:04]} 33. Ne2 {[%emt 0:02:47]} d4 {[%emt 0:01:19]} 34. Nxd4 {[%emt 0:01:14]} Nxd4 {[%emt 0:00:14]} 35. Bxd4 {[%emt 0:00:04]} Bxg2 {[%emt 0:00:08]} 36. Kxg2 {[%emt 0:00:05]} Rd8 {[%emt 0:00:06]} 37. Bf2 {[%emt 0:01:01]} Rxd3 {[%emt 0:00:06]} 38. a4 {[%emt 0:00:02]} Ra3 {[%emt 0:00:33]} 39. a5 {[%emt 0:00:38]} Ke6 {[%emt 0:00:22]} 40. Bc5 {[%emt 0:00:06]} Kf5 {[%emt 0:00:52]} 41. Bd6 {[%emt 0:30:12]} Rb3 {[%emt 0:30:43]} 42. Bc5 {[%emt 0:00:10]} Ke4 {[%emt 0:02:04]} 43. Be7 {[%emt 0:00:15]} Kd5 {[%emt 0:00:23]} 44. Bc5 {[%emt 0:00:08]} Kc4 {[%emt 0:00:55]} 45. h4 {[%emt 0:00:05]} Rxb4 {[%emt 0:01:13]} 46. Bxb4 {[%emt 0:00:05]} Kxb4 {[%emt 0:00:03]} 47. Kf3 {[%emt 0:00:05]} Kxa5 {[%emt 0:00:10]} 48. Kf4 {[%emt 0:00:04]} h6 {[%emt 0:00:49]} 49. Ke5 {[%emt 0:00:02]} Kb4 {[%emt 0:00:15]} 50. Kf6 {[%emt 0:00:03]} g5 {[%emt 0:00:05]} 0-1

[Event "ESP-chT Div I 2018"]
[Site "Linares"]
[Date "2018.08.12"]
[Round "7"]
[White "Granero Roca, Antonio"]
[Black "Badillo Ramos, Steve"]
[Result "1-0"]
[WhiteElo "2383"]
[BlackElo "1901"]
[Annotator "NA"]
[PlyCount "43"]
[EventDate "2018.08.06"]
[EventType "team-tourn"]
[EventCountry "ESP"]
[SourceTitle "playchess.com"]
[Source "ChessBase"]
[SourceQuality "1"]
[TimeControl "40/5400+30:1800+30"]

1. Nf3 {[%emt 0:00:00]} Nf6 {[%emt 0:00:00]} 2. c4 {[%emt 0:00:00]} e6 {[%emt 0:00:11]} 3. d4 {[%emt 0:00:12]} b6 {[%emt 0:02:11]} 4. g3 {[%emt 0:00:56]} Bb4+ {[%emt 0:00:47]} 5. Bd2 {[%emt 0:01:33]} Bxd2+ {[%emt 0:00:23]} 6. Qxd2 {[%emt 0:00:25]} Bb7 {[%emt 0:02:27]} 7. Bg2 {[%emt 0:01:07]} O-O {[%emt 0:11:44]} 8. O-O {[%emt 0:02:06]} d5 {[%emt 0:01:08]} 9. cxd5 {[%emt 0:00:42]} exd5 {[%emt 0:01:00]} 10. Nc3 {[%emt 0:00:18]} Re8 {[%emt 0:02:04]} 11. Qc2 {[%emt 0:02:22]} Nc6 {[%emt 0:06:26]} 12. a3 {[%emt 0:03:58]} a5 {[%emt 0:01:02]} 13. Rac1 {[%emt 0:00:35]} Qe7 {[%emt 0:04:12]} 14. e3 {[%emt 0:07:30]} Rad8 {[%emt 0:02:41]} 15. Rfe1 {[%emt 0:01:36]} Qd7 {[%emt 0:04:03]} 16. Ne2 {[%emt 0:01:56]} Re7 {[%emt 0:07:35]} 17. Nf4 {[%emt 0:01:33]} Ne8 {[%emt 0:01:36]} 18. Ng5 {[%emt 0:01:35]} g6 {[%emt 0:00:31]} 19. Nxd5 {[%emt 0:00:58]} Nxd4 {[%emt 0:00:29]} 20. Nxe7+ {[%emt 0:00:35]} Qxe7 {[%emt 0:00:11]} 21. exd4 {[%emt 0:00:22]} Qxg5 {[%emt 0:00:08]} 22. Bxb7 {[%emt 0:00:10]} 1-0

[Event "ESP-chT Div I 2018"]
[Site "Linares"]
[Date "2018.08.12"]
[Round "7"]
[White "Martin Duque, Jesus"]
[Black "Ortega Hermida, Daniel"]
[Result "1-0"]
[WhiteElo "2378"]
[BlackElo "2334"]
[Annotator "NA"]
[PlyCount "153"]
[EventDate "2018.08.06"]
[EventType "team-tourn"]
[EventCountry "ESP"]
[SourceTitle "playchess.com"]
[Source "ChessBase"]
[SourceQuality "1"]
[TimeControl "40/5400+30:1800+30"]

1. e4 {[%emt 0:00:00]} e5 {[%emt 0:02:17]} 2. Nf3 {[%emt 0:00:00]} Nc6 {[%emt 0:00:07]} 3. Bc4 {[%emt 0:00:00]} Nf6 {[%emt 0:00:06]} 4. d3 {[%emt 0:00:00]} Bc5 {[%emt 0:00:20]} 5. O-O {[%emt 0:00:00]} d6 {[%emt 0:00:45]} 6. c3 {[%emt 0:00:00]} a5 {[%emt 0:00:16]} 7. a4 {[%emt 0:00:09]} h6 {[%emt 0:00:55]} 8. Re1 {[%emt 0:03:58]} O-O {[%emt 0:02:44]} 9. Nbd2 {[%emt 0:00:50]} Be6 {[%emt 0:06:37]} 10. Bb5 {[%emt 0:00:29]} Ne7 {[%emt 0:02:35]} 11. d4 {[%emt 0:00:35]} exd4 {[%emt 0:00:04]} 12. cxd4 {[%emt 0:00:03]} Bb4 {[%emt 0:00:04]} 13. Re3 {[%emt 0:14:30]} Ng6 {[%emt 0:09:19]} 14. h3 {[%emt 0:04:14]} c6 {[%emt 0:05:18]} 15. Bf1 {[%emt 0:01:22]} Re8 {[%emt 0:05:03]} 16. b3 {[%emt 0:01:28]} d5 {[%emt 0:05:17]} 17. e5 {[%emt 0:00:14]} Nd7 {[%emt 0:00:05]} 18. Bb2 {[%emt 0:01:04]} f5 {[%emt 0:03:32]} 19. exf6 {[%emt 0:06:05]} Qxf6 {[%emt 0:11:19]} 20. Qe1 {[%emt 0:04:46]} Qf7 {[%emt 0:05:51]} 21. Ba3 {[%emt 0:06:19]} Bxa3 {[%emt 0:01:10]} 22. Rxa3 {[%emt 0:00:01]} Bf5 {[%emt 0:00:16]} 23. Ra1 {[%emt 0:02:00]} Re7 {[%emt 0:11:45]} 24. Rxe7 {[%emt 0:01:36]} Qxe7 {[%emt 0:00:05]} 25. Qxe7 {[%emt 0:01:08]} Nxe7 {[%emt 0:00:05]} 26. g4 {[%emt 0:00:33]} Be6 {[%emt 0:01:14]} 27. Re1 {[%emt 0:01:35]} Kf7 {[%emt 0:00:27]} 28. Bd3 {[%emt 0:00:45]} Re8 {[%emt 0:01:05]} 29. Nf1 {[%emt 0:03:55]} Ng6 {[%emt 0:02:36]} 30. Ne3 {[%emt 0:02:45]} Nf4 {[%emt 0:03:15]} 31. Bf1 {[%emt 0:01:07]} Kf6 {[%emt 0:02:17]} 32. Kh2 {[%emt 0:01:11]} Rc8 {[%emt 0:02:34]} 33. Rc1 {[%emt 0:05:35]} g5 {[%emt 0:04:32]} 34. Ne1 {[%emt 0:02:11]} Nf8 {[%emt 0:00:51]} 35. Nd3 {[%emt 0:00:49]} Nxd3 {[%emt 0:05:34]} 36. Bxd3 {[%emt 0:00:02]} Ng6 {[%emt 0:01:56]} 37. Ng2 {[%emt 0:03:48]} b6 {[%emt 0:02:12]} 38. Re1 {[%emt 0:05:07]} Re8 {[%emt 0:00:24]} 39. Bf5 {[%emt 0:04:46]} Re7 {[%emt 0:02:03]} 40. Rc1 {[%emt 0:00:41]} Rc7 {[%emt 0:00:02]} 41. Ne3 {[%emt 0:32:25]} Nf4 {[%emt 0:30:09]} 42. Bxe6 {[%emt 0:00:47]} Kxe6 {[%emt 0:00:38]} 43. Nf5 {[%emt 0:02:35]} c5 {[%emt 0:00:57]} 44. Rc3 {[%emt 0:01:54]} h5 {[%emt 0:02:01]} 45. Re3+ {[%emt 0:03:29]} Kf6 {[%emt 0:00:06]} 46. Nd6 {[%emt 0:00:02]} Re7 {[%emt 0:01:21]} 47. gxh5 {[%emt 0:00:22]} Rxe3 {[%emt 0:00:38]} 48. fxe3 {[%emt 0:00:17]} Nxh5 {[%emt 0:00:01]} 49. dxc5 {[%emt 0:01:07]} bxc5 {[%emt 0:00:06]} 50. Nb7 {[%emt 0:00:01]} c4 {[%emt 0:01:29]} 51. Nxa5 {[%emt 0:01:25]} c3 {[%emt 0:00:34]} 52. b4 {[%emt 0:00:01]} Ke5 {[%emt 0:00:08]} 53. Nb3 {[%emt 0:01:52]} c2 {[%emt 0:00:49]} 54. a5 {[%emt 0:00:41]} Kd6 {[%emt 0:00:28]} 55. b5 {[%emt 0:01:07]} Nf6 {[%emt 0:00:17]} 56. b6 {[%emt 0:03:57]} Ne4 {[%emt 0:00:13]} 57. Kg2 {[%emt 0:02:08]} Nd2 {[%emt 0:00:44]} 58. Nc1 {[%emt 0:00:04]} Kc6 {[%emt 0:00:29]} 59. Kg3 {[%emt 0:01:16]} Ne4+ {[%emt 0:00:27]} 60. Kf3 {[%emt 0:01:21]} Kb7 {[%emt 0:00:36]} 61. Ke2 {[%emt 0:00:53]} Nd6 {[%emt 0:00:44]} 62. Kd3 {[%emt 0:01:25]} Nc4 {[%emt 0:00:18]} 63. Nb3 {[%emt 0:00:27]} c1=Q {[%emt 0:00:46]} 64. Nxc1 {[%emt 0:00:01]} Nxa5 {[%emt 0:00:23]} 65. Kd4 {[%emt 0:00:01]} Kxb6 {[%emt 0:00:38]} 66. Kxd5 {[%emt 0:00:02]} Kc7 {[%emt 0:00:23]} 67. Nd3 {[%emt 0:00:31]} Nc6 {[%emt 0:00:37]} 68. Ke6 {[%emt 0:00:15]} Kd8 {[%emt 0:00:31]} 69. Kf6 {[%emt 0:00:08]} Ne7 {[%emt 0:00:14]} 70. Kxg5 {[%emt 0:00:12]} Kd7 {[%emt 0:00:08]} 71. Nf4 {[%emt 0:00:16]} Kd6 {[%emt 0:00:17]} 72. Kf6 {[%emt 0:00:12]} Ng8+ {[%emt 0:00:09]} 73. Kf7 {[%emt 0:00:28]} Ne7 {[%emt 0:00:25]} 74. e4 {[%emt 0:00:34]} Nc6 {[%emt 0:00:23]} 75. Ng6 {[%emt 0:00:17]} Nd4 {[%emt 0:00:39]} 76. h4 {[%emt 0:00:16]} Nf3 {[%emt 0:00:29]} 77. Kf6 {[%emt 0:00:08] Kd5} 1-0

[Event "ESP-chT Div I 2018"]
[Site "Linares"]
[Date "2018.08.12"]
[Round "7"]
[White "Andres Gonzalez, Ivan"]
[Black "Martinez Alcantara, Jose Eduardo"]
[Result "0-1"]
[WhiteElo "2349"]
[BlackElo "2561"]
[Annotator "TA"]
[PlyCount "90"]
[EventDate "2018.08.06"]
[EventType "team-tourn"]
[EventCountry "ESP"]
[SourceTitle "playchess.com"]
[Source "ChessBase"]
[SourceQuality "1"]

{[%evp 20,90,33,21,56,11,16,13,17,15,23,24,32,-8,-8,-29,-19,-57,0,-8,16,8,40,17,28,20,18,-17,-19,-18,-14,-26,35,35,41,-51,-18,-29,0,0,0,0,0,-77,-77,-51,-51,-79,39,25,22,0,0,0,0,0,0,0,0,0,0,0,0,0,0,-75,-50,-103,-97,-95,-24,-418,-422]} 1. d4 Nf6 2. Nf3 e6 3. Bf4 b6 4. e3 Bb7 5. h3 c5 6. Bd3 Nc6 7. c3 Be7 8. O-O O-O 9. Nbd2 cxd4 {A47: 1 d4 Nf6 2 Nf3 b6: Torre, London and Colle Systems} 10. cxd4 a6 11. a3 {LiveBook: 4 Games} h6 $146 {The position is equal.} ({Predecessor:} 11... d5 12. Rc1 h6 13. Ne5 Nxe5 14. dxe5 {1-0 (24) Kamsky,G (2741)-Gundavaa,B (2516) Khanty-Mansiysk 2013}) 12. Bh2 b5 13. Rc1 d6 14. Qe2 Qb6 15. e4 Nd7 16. Qe3 {next d5 is good for White.} Rac8 17. Bf4 Rfe8 18. Nb3 Bf8 (18... e5 $15 19. dxe5 Qxe3 20. Bxe3 Ndxe5) 19. Bg3 Nf6 20. Rfd1 b4 21. a4 Na5 22. Nxa5 Qxa5 23. b3 Rc3 24. Rxc3 bxc3 25. Bc2 d5 (25... Be7 $11) 26. e5 $1 $14 {[%cal Re5f6]} Ne4 27. h4 (27. Bh4 $14) 27... Rc8 (27... Nxg3 $6 28. fxg3 f5 29. exf6 $14) 28. h5 Qd8 ({Reject} 28... Nxg3 $6 29. fxg3 Qd8 30. Qd3 $16) 29. Bh4 Be7 30. Bxe7 Qxe7 31. g3 (31. Nh2 $11) 31... a5 $17 32. Kg2 Qa3 33. Qd3 {[#]} Rc6 (33... Ra8 $1 $17 34. Qb5 Qe7) 34. Qb5 $14 Qb4 35. Qxb4 (35. Ra1 {looks sharper.} Rc8 36. Kf1 Nd2+ 37. Ke2 Nxf3 38. Qxb4 axb4 39. Kxf3 Kf8 40. a5) 35... axb4 36. Ne1 {Hoping for Nd3.} Ba6 $1 $36 {[%mdl 2048] Black has good play.} 37. Ra1 Nd2 38. a5 Bf1+ 39. Kg1 Bb5 40. f3 f6 41. f4 fxe5 42. fxe5 {[#]} (42. dxe5 $11 {keeps the balance.} Ra6 43. Kf2) 42... Rc7 $1 $17 43. a6 ({White should try} 43. Ra2 $15) 43... Ra7 44. Ra5 Bxa6 ({Black should play} 44... Be2 $17) 45. Ng2 $2 {[%mdl 8192]} (45. Ra4 $11) 45... Nf3+ {Precision: White = 45%, Black = 40%.} 0-1

[Event "ESP-chT Div I 2018"]
[Site "Linares"]
[Date "2018.08.12"]
[Round "7"]
[White "Bergez, Luc"]
[Black "Rubio Mejia, Luis Ignacio"]
[Result "1/2-1/2"]
[WhiteElo "2327"]
[BlackElo "2442"]
[Annotator "NA"]
[PlyCount "98"]
[EventDate "2018.08.06"]
[EventType "team-tourn"]
[EventCountry "ESP"]
[SourceTitle "playchess.com"]
[Source "ChessBase"]
[SourceQuality "1"]
[TimeControl "40/5400+30:1800+30"]

1. e4 {[%emt 0:00:00]} c5 {[%emt 0:00:00]} 2. Nf3 {[%emt 0:00:00]} d6 {[%emt 0:00:00]} 3. Bb5+ {[%emt 0:00:04]} Bd7 {[%emt 0:00:00]} 4. Bxd7+ {[%emt 0:00:12]} Qxd7 {[%emt 0:00:06]} 5. O-O {[%emt 0:00:14]} Nf6 {[%emt 0:00:12]} 6. Re1 {[%emt 0:00:15]} Nc6 {[%emt 0:00:55]} 7. c3 {[%emt 0:00:14]} e6 {[%emt 0:02:10]} 8. d4 {[%emt 0:00:23]} cxd4 {[%emt 0:00:43]} 9. cxd4 {[%emt 0:00:11]} d5 {[%emt 0:00:11]} 10. e5 {[%emt 0:00:10]} Ng8 {[%emt 0:01:51]} 11. Nbd2 {[%emt 0:07:35]} Bb4 {[%emt 0:06:44]} 12. Re3 {[%emt 0:19:06]} Nge7 {[%emt 0:15:56]} 13. Nf1 {[%emt 0:03:54]} Nf5 {[%emt 0:05:45]} 14. Rd3 {[%emt 0:00:26]} O-O-O {[%emt 0:04:05]} 15. a3 {[%emt 0:03:31]} Be7 {[%emt 0:01:55]} 16. b4 {[%emt 0:08:02]} Kb8 {[%emt 0:03:45]} 17. N1d2 {[%emt 0:00:23]} h5 {[%emt 0:14:19]} 18. Nb3 {[%emt 0:00:39]} Rc8 {[%emt 0:00:20]} 19. b5 {[%emt 0:13:04]} Nd8 {[%emt 0:00:38]} 20. a4 {[%emt 0:00:16]} f6 {[%emt 0:12:06]} 21. Bf4 {[%emt 0:05:21]} Ka8 {[%emt 0:00:41]} 22. Rc1 {[%emt 0:00:26]} Nf7 {[%emt 0:02:19]} 23. Rdc3 {[%emt 0:08:51]} Rxc3 {[%emt 0:12:24]} 24. Rxc3 {[%emt 0:00:02]} Rc8 {[%emt 0:01:19]} 25. Qc2 {[%emt 0:00:49]} Rxc3 {[%emt 0:03:34]} 26. Qxc3 {[%emt 0:00:10]} g5 {[%emt 0:01:26]} 27. exf6 {[%emt 0:06:31]} Bxf6 {[%emt 0:00:09]} 28. Be5 {[%emt 0:15:25]} Bd8 {[%emt 0:05:59]} 29. h3 {[%emt 0:02:58]} g4 {[%emt 0:02:31]} 30. hxg4 {[%emt 0:00:08]} hxg4 {[%emt 0:00:03]} 31. Nh2 {[%emt 0:03:19]} Nxe5 {[%emt 0:00:38]} 32. dxe5 {[%emt 0:00:02]} g3 {[%emt 0:00:05]} 33. fxg3 {[%emt 0:00:21]} Bb6+ {[%emt 0:00:03]} 34. Kf1 {[%emt 0:01:43]} Kb8 {[%emt 0:00:49]} 35. g4 {[%emt 0:01:22]} Ne3+ {[%emt 0:01:27]} 36. Ke2 {[%emt 0:00:11]} Nxg2 {[%emt 0:02:01]} 37. Qf3 {[%emt 0:00:45]} Nh4 {[%emt 0:00:27]} 38. Qf8+ {[%emt 0:00:27]} Qc8 {[%emt 0:00:26]} 39. Qxc8+ {[%emt 0:00:22]} Kxc8 {[%emt 0:00:03]} 40. a5 {[%emt 0:01:21]} Bc7 {[%emt 0:01:16]} 41. Nf3 {[%emt 0:30:42]} Nxf3 {[%emt 0:30:31]} 42. Kxf3 {[%emt 0:00:01]} Bxe5 {[%emt 0:00:07]} 43. Nc5 {[%emt 0:00:18]} Bc3 {[%emt 0:00:29]} 44. Nxe6 {[%emt 0:00:29]} Bxa5 {[%emt 0:00:23]} 45. Nf4 {[%emt 0:00:15]} Kd7 {[%emt 0:00:58]} 46. Nxd5 {[%emt 0:00:02]} Kd6 {[%emt 0:00:26]} 47. Ke4 {[%emt 0:00:06]} Bd8 {[%emt 0:00:17]} 48. Kd4 {[%emt 0:00:20]} a6 {[%emt 0:00:47]} 49. bxa6 {[%emt 0:00:08]} bxa6 {[%emt 0:00:04]} 1/2-1/2

[Event "ESP-chT Div I 2018"]
[Site "Linares"]
[Date "2018.08.12"]
[Round "7"]
[White "Gutierrez Olivares, Daniel"]
[Black "Ortega Ruiz, Jose Miguel"]
[Result "1/2-1/2"]
[WhiteElo "2297"]
[BlackElo "2280"]
[Annotator "NA"]
[PlyCount "45"]
[EventDate "2018.08.06"]
[EventType "team-tourn"]
[EventCountry "ESP"]
[SourceTitle "playchess.com"]
[Source "ChessBase"]
[SourceQuality "1"]
[TimeControl "40/5400+30:1800+30"]

1. c4 {[%emt 0:02:07]} e5 {[%emt 0:00:00]} 2. d3 {[%emt 0:00:42]} Nf6 {[%emt 0:00:00]} 3. Nf3 {[%emt 0:00:54]} Nc6 {[%emt 0:00:00]} 4. a3 {[%emt 0:00:35]} d5 {[%emt 0:00:48]} 5. cxd5 {[%emt 0:01:13]} Nxd5 {[%emt 0:00:04]} 6. e4 {[%emt 0:00:44]} Nb6 {[%emt 0:04:17]} 7. Be3 {[%emt 0:00:37]} Be7 {[%emt 0:02:13]} 8. Be2 {[%emt 0:02:40]} O-O {[%emt 0:00:14]} 9. O-O {[%emt 0:01:05]} Be6 {[%emt 0:08:30]} 10. Nbd2 {[%emt 0:02:33]} a5 {[%emt 0:01:50]} 11. Rc1 {[%emt 0:04:51]} a4 {[%emt 0:01:14]} 12. Rxc6 {[%emt 0:01:48]} bxc6 {[%emt 0:00:06]} 13. Nxe5 {[%emt 0:00:03]} Bf6 {[%emt 0:01:51]} 14. Ndf3 {[%emt 0:01:22]} Qc8 {[%emt 0:13:46]} 15. Qd2 {[%emt 0:01:30]} Qb7 {[%emt 0:00:50]} 16. Rc1 {[%emt 0:01:49]} Nd7 {[%emt 0:00:46]} 17. Nxd7 {[%emt 0:11:36]} Bxd7 {[%emt 0:00:04]} 18. Bc5 {[%emt 0:06:06]} Qxb2 {[%emt 0:01:24]} 19. Rc2 {[%emt 0:02:10]} Qa1+ {[%emt 0:01:01]} 20. Rc1 {[%emt 0:00:02]} Qb2 {[%emt 0:00:06]} 21. Rc2 {[%emt 0:00:37]} Qa1+ {[%emt 0:00:02]} 22. Rc1 {[%emt 0:01:00]} Qb2 {[%emt 0:00:01]} 23. Rc2 {[%emt 0:00:16]} 1/2-1/2

[Event "ESP-chT Div I 2018"]
[Site "Linares"]
[Date "2018.08.12"]
[Round "7"]
[White "Aranaz Murillo, Amalia"]
[Black "Vega Gutierrez, Belinda"]
[Result "1-0"]
[WhiteElo "2227"]
[BlackElo "2165"]
[Annotator "NA"]
[PlyCount "107"]
[EventDate "2018.08.06"]
[EventType "team-tourn"]
[EventCountry "ESP"]
[SourceTitle "playchess.com"]
[Source "ChessBase"]
[SourceQuality "1"]
[TimeControl "40/5400+30:1800+30"]

1. Nf3 {[%emt 0:00:00]} Nf6 {[%emt 0:01:40]} 2. c4 {[%emt 0:00:00]} e6 {[%emt 0:03:31]} 3. g3 {[%emt 0:00:33]} d5 {[%emt 0:00:16]} 4. Bg2 {[%emt 0:00:09]} c6 {[%emt 0:00:43]} 5. O-O {[%emt 0:02:12]} Bd6 {[%emt 0:00:37]} 6. d4 {[%emt 0:01:13]} O-O {[%emt 0:00:38]} 7. Qc2 {[%emt 0:00:08]} Qe7 {[%emt 0:17:29]} 8. Nbd2 {[%emt 0:06:01]} Nbd7 {[%emt 0:08:22]} 9. b3 {[%emt 0:06:46]} e5 {[%emt 0:02:59]} 10. dxe5 {[%emt 0:01:56]} Nxe5 {[%emt 0:00:10]} 11. Bb2 {[%emt 0:01:02]} Re8 {[%emt 0:03:57]} 12. cxd5 {[%emt 0:10:05]} cxd5 {[%emt 0:02:22]} 13. Nxe5 {[%emt 0:01:13]} Bxe5 {[%emt 0:00:06]} 14. e3 {[%emt 0:00:15]} Bd7 {[%emt 0:01:51]} 15. Bxe5 {[%emt 0:03:19]} Qxe5 {[%emt 0:00:04]} 16. Nf3 {[%emt 0:00:08]} Qe4 {[%emt 0:03:56]} 17. Qc7 {[%emt 0:03:10]} b6 {[%emt 0:02:07]} 18. Nd4 {[%emt 0:01:04]} Qe7 {[%emt 0:05:09]} 19. a4 {[%emt 0:05:16]} Be6 {[%emt 0:11:52]} 20. Qxe7 {[%emt 0:02:47]} Rxe7 {[%emt 0:00:04]} 21. Rfc1 {[%emt 0:02:14]} h6 {[%emt 0:04:19]} 22. Rc6 {[%emt 0:06:18]} Rc8 {[%emt 0:05:00]} 23. Rac1 {[%emt 0:03:52]} Rxc6 {[%emt 0:00:10]} 24. Rxc6 {[%emt 0:00:05]} Kf8 {[%emt 0:02:49]} 25. Bf1 {[%emt 0:03:29]} Ne8 {[%emt 0:02:57]} 26. b4 {[%emt 0:04:32]} Bd7 {[%emt 0:05:10]} 27. Rc1 {[%emt 0:00:11]} Bxa4 {[%emt 0:06:32]} 28. Ra1 {[%emt 0:00:09]} b5 {[%emt 0:00:40]} 29. Bxb5 {[%emt 0:00:13]} Bxb5 {[%emt 0:00:06]} 30. Nxb5 {[%emt 0:00:04]} Rb7 {[%emt 0:00:21]} 31. Nxa7 {[%emt 0:01:28]} Rxb4 {[%emt 0:00:09]} 32. Nc6 {[%emt 0:00:10]} Rb6 {[%emt 0:01:47]} 33. Nd4 {[%emt 0:01:53]} g6 {[%emt 0:00:37]} 34. Ne2 {[%emt 0:04:08]} Rb2 {[%emt 0:02:23]} 35. Kf1 {[%emt 0:01:47]} Nf6 {[%emt 0:00:21]} 36. f3 {[%emt 0:00:53]} Ke7 {[%emt 0:01:45]} 37. Ra7+ {[%emt 0:01:07]} Nd7 {[%emt 0:00:21]} 38. h4 {[%emt 0:01:18]} h5 {[%emt 0:00:36]} 39. Nf4 {[%emt 0:00:41]} Kd6 {[%emt 0:00:40]} 40. Nxd5 {[%emt 0:02:48]} Ne5 {[%emt 0:03:27]} 41. Nf4 {[%emt 0:30:17]} Nxf3 {[%emt 0:31:09]} 42. Rxf7 {[%emt 0:00:25]} Nh2+ {[%emt 0:00:46]} 43. Ke1 {[%emt 0:00:11]} Ng4 {[%emt 0:00:13]} 44. Nxg6 {[%emt 0:02:37]} Nxe3 {[%emt 0:00:07]} 45. Nf4 {[%emt 0:00:14]} Ng4 {[%emt 0:01:00]} 46. Nxh5 {[%emt 0:02:45]} Ke6 {[%emt 0:00:50]} 47. Rf8 {[%emt 0:01:22]} Rb5 {[%emt 0:00:46]} 48. Nf4+ {[%emt 0:00:22]} Ke7 {[%emt 0:00:24]} 49. Rg8 {[%emt 0:02:44]} Nf6 {[%emt 0:00:05]} 50. Rg7+ {[%emt 0:00:33]} Ke8 {[%emt 0:00:19]} 51. Ke2 {[%emt 0:02:20]} Rb3 {[%emt 0:00:33]} 52. h5 {[%emt 0:01:02]} Ne4 {[%emt 0:00:57]} 53. h6 {[%emt 0:01:02]} Nxg3+ {[%emt 0:00:41]} 54. Rxg3 {[%emt 0:00:27]} 1-0